| 000 | 00739nmc a2200265 a 4500 | ||
|---|---|---|---|
| 003 | AR-BaBNM | ||
| 005 | 20251128211625.0 | ||
| 008 | 025020s1987 ||||||||||||||000 | spa|| | ||
| 020 | _a84-7176-670-1 | ||
| 040 | _cAR-BaBNM | ||
| 100 | 1 | _aMontgomery, R.A. | |
| 245 | 1 | 0 | _aTu robot particular |
| 250 | _a5ª ed. | ||
| 260 |
_aBarcelona _bAtlántida _c1987 |
||
| 300 | 0 |
_a54 p. _bil. |
|
| 490 | 0 |
_aElige tu propia aventura. Globo azul _vv. 3 |
|
| 500 | 0 | _aEste libro brinda la posibilidad de elegir entre diferentes finales | |
| 650 | 4 | _aLITERATURA INFANTIL | |
| 650 | 4 | _aLIBROS PARA NINOS | |
| 650 | 4 | _aCUENTOS DE AVENTURAS | |
| 655 | _aLITERATURA | ||
| 700 | 1 |
_aGranger, Paul _eilustrador |
|
| 942 | _cBK | ||
| 998 | _cEugenia | ||
| 999 |
_c20470 _d20470 |
||